logo

Bir Sreshtho Munshi Abdur Rouf Library
Jhenaidah Cadet College

ফেরদৌসীর শাহনামা / (Record no. 10710)

MARC details
000 -LEADER
fixed length control field 00724nam a2200217 a 4500
001 - CONTROL NUMBER
JCCL Control Number 10710
003 - CONTROL NUMBER IDENTIFIER
JCCL marc code BD-JhCC
005 - DATE AND TIME OF LATEST TRANSACTION
control field 20190827134017.0
008 - FIXED-LENGTH DATA ELEMENTS--GENERAL INFORMATION
fixed length control field 180811r20121991bg |||| |||| 00| 0 ben d
020 ## - INTERNATIONAL STANDARD BOOK NUMBER
International Standard Book Number 9840750267
035 ## - SYSTEM CONTROL NUMBER
system control number (BD-JhCC)10710
040 ## - CATALOGING SOURCE
Original cataloging agency BD-JhCC
Modifying agency BD-JhCC
041 ## - LANGUAGE CODE
Language code of Book ben
082 ## - DEWEY DECIMAL CLASSIFICATION NUMBER
Classification number 891.4415
Author mark and Year FER 2012
245 ## - TITLE STATEMENT
Title ফেরদৌসীর শাহনামা /
Statement of responsibility, etc অনূদিত মনিরউদ্দীন ইউসুফ
260 ## - PUBLICATION, DISTRIBUTION, ETC. (IMPRINT)
Place of publication, distribution, etc ঢাকা :
Name of publisher, distributor, etc বাংলা একাডেমী,
Date of publication, distribution, etc ২০১২.
300 ## - PHYSICAL DESCRIPTION
Pagination ১-৬ খন্ড :
Dimensions ২১ সেমি.
650 ## - SUBJECT ADDED ENTRY--TOPICAL TERM
Topical term or geographic name as entry element Bengali Poetry
700 ## - ADDED ENTRY--PERSONAL NAME
Personal name ইউসুফ, মনিরউদ্দীন
942 ## - ADDED ENTRY ELEMENTS (KOHA)
Source of classification or shelving scheme Dewey Decimal Classification
Koha item type Books
Koha issues (borrowed), all copies 1
Holdings
Source of classification or shelving scheme volume number Damaged status Not for loan Home library Current library Shelving location Date of accession Cost, normal purchase price Total Checkouts Full call number Barcode Date last seen Date checked out Copy number Koha item type
Dewey Decimal Classification V-1     JCC Rouf Library JCC Rouf Library General Stacks 08/11/2018 450.00 1 891.4415 FER 2012 14454 02/04/2020 08/26/2019 C-1 Books
Dewey Decimal Classification V-1     JCC Rouf Library JCC Rouf Library General Stacks 08/11/2018 450.00   891.4415 FER 2012 14455 08/11/2018   C-2 Books
Dewey Decimal Classification V-2     JCC Rouf Library JCC Rouf Library General Stacks 08/11/2018 450.00   891.4415 FER 2012 14456 08/11/2018   C-1 Books
Dewey Decimal Classification V-2     JCC Rouf Library JCC Rouf Library General Stacks 08/11/2018 450.00   891.4415 FER 2012 14457 08/11/2018   C-2 Books
Dewey Decimal Classification V-3     JCC Rouf Library JCC Rouf Library General Stacks 08/11/2018 450.00   891.4415 FER 2012 14458 08/11/2018   C-1 Books
Dewey Decimal Classification V-3     JCC Rouf Library JCC Rouf Library General Stacks 08/11/2018 450.00   891.4415 FER 2012 14459 08/11/2018   C-2 Books
Dewey Decimal Classification V-4     JCC Rouf Library JCC Rouf Library General Stacks 08/11/2018 450.00   891.4415 FER 2012 14460 08/11/2018   C-1 Books
Dewey Decimal Classification V-4     JCC Rouf Library JCC Rouf Library General Stacks 08/11/2018 450.00   891.4415 FER 2012 14461 08/11/2018   C-2 Books
Dewey Decimal Classification V-5     JCC Rouf Library JCC Rouf Library General Stacks 08/11/2018 450.00   891.4415 FER 2012 14462 08/11/2018   C-1 Books
Dewey Decimal Classification V-5     JCC Rouf Library JCC Rouf Library General Stacks 08/11/2018 450.00   891.4415 FER 2012 14463 08/11/2018   C-2 Books
Dewey Decimal Classification V-6     JCC Rouf Library JCC Rouf Library General Stacks 08/11/2018 450.00   891.4415 FER 2012 14464 08/11/2018   C-1 Books
Dewey Decimal Classification V-6     JCC Rouf Library JCC Rouf Library General Stacks 08/11/2018 450.00   891.4415 FER 2012 14465 08/11/2018   C-2 Books

JCC Library | Contacts | JCC Home

Last Update on 23 September 2017
Copyright @ 2017-2020 JCC Rouf Library
Rouf Library, Jhenidah Cadet College (JCC), Bangladesh